000 00364 a2200157 4500
001 154677
040 _cEscola São Tomás de Aquino
100 _aMOCELLIN, Renato
240 1 0 _aAs mulheres na antiguidade
_lpor
245 1 0 _aAs mulheres na antiguidade
300 _a56
362 0 _a2000
440 1 _aEditora do Brasil
697 _aHISTÓRIA
942 _cBK
999 _c154677
_d154677